| 000 | 01294nam a22002897a 4500 | ||
|---|---|---|---|
| 005 | 20240530110558.0 | ||
| 008 | 160307s2013 ua ak g b 000 0dara d | ||
| 017 |
_a22997 _bمصر . دار الكتب المصرية |
||
| 020 | _a9789773771589 | ||
| 040 | _aEG-CaGPL | ||
| 082 | 0 | 4 |
_221 _a658.15\ _bب ح |
| 100 | 0 | _aبيلز ، كريستيان | |
| 245 | 1 | 2 |
_aالحسابات الرئيسية للعملاء و طرق ادارتها بامتياز من منظور سانت جالين / _cتاليف كريستيان بيلز ، ماركوس مولنر ، ديرك زوبانسيك ؛ ترجمة عائشة حمدى |
| 250 | _aط1 | ||
| 260 |
_aالقاهرة : _bمجموعة النيل العربية ، _c2013 . |
||
| 300 |
_a422 ص : _bايض ؛ _c24 سم . |
||
| 504 | _aيشتمل على ارجاعات ببليوجرافية | ||
| 650 | 0 | 4 | _aالادارة المالية |
| 650 | 0 | 4 | _aالمحاسبة الادارية |
| 650 | 0 | 4 | _aالسياسة المالية |
| 650 | 0 | 4 | _aالميزانيات التقديرية |
| 700 | 1 |
_aمولنر ، ماركوس _eمؤلف مشارك |
|
| 700 | 1 |
_a زوبانسيك ، ديرك _eمؤلف مشارك |
|
| 700 | 0 |
_aعائشة حمدى _eمترجم |
|
| 942 |
_2ddc _cBK |
||
| 999 |
_c62603 _d62603 |
||